|
|
|
|
| LEADER |
01673nam a22003614a 4500 |
| 001 |
29413 |
| 003 |
BD-DhAAL |
| 005 |
20150728110205.0 |
| 008 |
150728r20062005nyuabf b 001 0 eng |
| 010 |
|
|
|a 2005047345
|
| 020 |
|
|
|a 0195159543 (alk. paper)
|
| 020 |
|
|
|a 9780195159547 (alk. paper)
|
| 035 |
|
|
|a (OCoLC)ocm58595067
|
| 035 |
|
|
|a (OCoLC)58595067
|
| 040 |
|
|
|a DLC
|c DLC
|d YDX
|d BAKER
|d OCO
|d MDY
|d YDXCP
|d DLC
|d BD-DhAAL
|
| 042 |
|
|
|a pcc
|
| 050 |
0 |
0 |
|a DG311
|b .H43 2006
|
| 082 |
0 |
0 |
|a 937.09
|2 22
|
| 100 |
1 |
|
|a Heather, P. J.
|q (Peter J.)
|9 13287
|
| 245 |
1 |
4 |
|a The fall of the Roman Empire :
|b a new history of Rome and the Barbarians /
|c Peter Heather.
|
| 260 |
|
|
|a New York :
|b Oxford University Press,
|c 2006.
|
| 300 |
|
|
|a xvi, 572 p., [16] p. of plates :
|b ill., maps ;
|c 24 cm.
|
| 500 |
|
|
|a Originally published: Macmillan, 2005.
|
| 504 |
|
|
|a Includes bibliographical references (p. 537-551) and index.
|
| 541 |
|
|
|e 29413
|
| 651 |
|
0 |
|a Rome
|x History
|y Empire, 284-476.
|9 9399
|
| 651 |
|
0 |
|a Rome
|x History
|y Germanic Invasions, 3rd-6th centuries.
|9 9398
|
| 856 |
4 |
2 |
|3 Publisher description
|u http://www.loc.gov/catdir/enhancements/fy0635/2005047345-d.html
|
| 856 |
4 |
2 |
|3 Contributor biographical information
|u http://www.loc.gov/catdir/enhancements/fy0722/2005047345-b.html
|
| 942 |
|
|
|2 ddc
|c BK
|
| 999 |
|
|
|c 35082
|d 35082
|
| 952 |
|
|
|0 0
|1 0
|2 ddc
|4 0
|6 937_090000000000000_HEA
|7 0
|9 54986
|a BRACUL
|b BRACUL
|c GEN
|d 2015-07-28
|l 5
|m 42
|o 937.09 HEA
|p 3010029413
|q 2026-06-02
|r 2026-05-18
|s 2026-05-18
|t 1
|w 2015-07-28
|y BK
|
| 952 |
|
|
|0 0
|1 0
|2 ddc
|4 0
|6 937_090000000000000_HEA
|7 0
|9 54987
|a BRACUL
|b BRACUL
|c GEN
|d 2015-07-28
|l 3
|m 1
|o 937.09 HEA
|p 3010029414
|r 2020-02-09
|s 2020-02-05
|t 2
|w 2015-07-28
|y BK
|